000 00327nam a22001457a 4500
999 _c9867
_d9867
003 OSt
005 20210204165622.0
008 210129b ||||| |||| 00| 0 eng d
040 _cDDC
050 _bR514T
082 _bR514T
100 _aRichards, Lawrence O.
245 _aA theology of Christian education
942 _2ddc
_cBK